000 01365nam a22002657a 4500
999 _c22098
_d22098
003 AR-CdUCM
008 190425b ||||| |||| 00| 0 spa d
040 _aMUNICIPALIDAD PROVINCIAL DEL CUSCO
_cBIBLIOTECA MUNICIPAL DEL CUSCO
082 _aParlante/N°107/2011
110 _aCentro Guamán Poma de Ayala
_920511
245 _aParlante :
_bRevista del Cusco /
260 _aCusco :
_bCentro de Educación y Comunicación Guamán Poma de Ayala,
_c2011.
300 _a40 páginas. :
_bilustraciones ;
_c30 cm.
440 _aParlante revista del Cusco.
_nAño 26, N°107, abril 2011.
_947441
505 _aContenido: Un nuevo proceso electoral circo político o ciudadanía responsable. Karina Pacheco. -- Planes de gobierno para el Perú 2011-2016. -- Entrevista a Rocio Silva Santisteban letanía por los derechos de la mujer. -- Transporte público en Cusco. Juan Galiano Román. -- En defensa del consumidor. Juan Galiano. -- La caricatura en serio. César Alberto Venero Torres. -- Historieta en quechua.
650 _aActualidad y política
_947410
650 _aCentro Histórico Cusco
_946767
650 _aEducación, cultura y deportes
_947422
650 _aMedio ambiente
_947423
700 _aVenero Torres, César
_947439
700 _aPacheco, Karina
_947442
710 _aCentro Guamán Poma de Ayala
_920511
942 _2ddc
_cPP
945 _avhl